000 01105nam a2200313 i 4500
001 000010292
003 DO-SdBNP
005 20240412074216.0
007 ta
008 091006s1991 dr 000 p spa d
040 _aDO-SdBNP
_bspa
_cBNPHU
_erda
082 4 _aRD861.44
_bH557d
_222
100 1 _aHernández, Horacio A.,
_925307
_eautor
245 1 0 _aDivagaciones poéticas /
_cHoracio A. Hernández ; prólogo, Juan Pablo Pujols Nolasco.
264 _aSanto Domingo :
_bUASD,
_c1991.
300 _a101 páginas ;
_c21 cm.
336 _2rdacontent
_atexto
_btxt
337 _2rdamedia
_asin mediación
_bn
338 _2rdacarrier
_avolumen
_bnc
490 _aPublicaciones Universidad Atónoma de Santo Domingo
_v664
500 _aIncluye datos biográficos del autor de en la contracubierta
590 _aInventariado, 2018/LP
650 4 _aPoesía dominicana
_966
650 0 _aLiteratura dominicana.
_967
700 1 _aPujols Nolasco, Juan Pablo
_eprólogo
_925308
710 1 _aUniversidad Autónoma de Santo Domingo
_972951
910 _aValidado. Control de calidad MFF
942 _2ddc
_cLBS1
999 _c10051
_d10051